000 01822nam a2200385 a 4500
999 _c131243
_d131243
003 BLK
005 20250225005545.0
008 180409b bul|||||r ||||||| ||bul||
010 _aKNG00137050000
040 _aBLK
041 _aBUL
_cBUL
072 7 _2bullib
_aА
_xФонд Михаил Арнаудов
080 _aБългарска литература
_b821.163.2
_x(081.1)
_z821.163.2(081.1)
100 _aБотев, Христо
_d1848 - 1876
_qПетков, Христо Ботев
_eпърви автор
_9364222
139 _aБотев, Христо
_bБ 70
245 1 0 _aСъчинения
_bТ. 1 - 3
_cХристо Ботев; под ред. на Михаил Димитров.
_nТ. 3
_pСтихотворения
250 _a2. изд.
257 _aBGR
260 _aСофия
_bХемус
_c1945 -
300 _c19 см
380 _aX
490 _9396381
_aЧастна колекция - Академик Михаил Арнаудов
_gДарение - Основен фонд
500 _a1. изд. 1940.
505 _tХумор и сатира
505 _tКнижовен преглед
505 _tКореспонденция
659 _aА
700 1 _aДимитров, Михаил
_eпод ред. на
_gДафинкичев, Михаил Димитров
_9378130
760 1 _aБотев, Христо
_b2. изд.
_d1945
_h548 с.
_nФонд Михаил Арнаудов - Коментари по полетата: с. 174, 506 ; Отбелязване място в кн.: с. 506. - екз. с твърда подв..
_tТ. 3 Стихотворения
852 _aЦб 8.180.15791
_bЦб
852 _aМА 2082
_bМА
942 _cKNG
_n0
_s1
_01
944 _aCR
_c07.12.2012
_lCRON CRON
_k
944 _aED
_c2021-07-20
_kГеновева_Генчева